[Event "Challenge again????"]
[Site "http://www.queenalice.com/game.php?id=56620"]
[Date "2006.3.10"]
[Round "-"]
[White "reimlima"]
[Black "kenanadu"]
[Result "1-0"]
[WhiteElo "955"]
[BlackElo "1129"]

1. e4 e5 2. Qh5 Bc5 3. Qxe5+ Qe7 4. Qxg7 Qxe4+ 5. Ne2 Qxc2 6. Nbc3 h5 7. Nd5 Nc6
8. Nxc7+ Kd8 9. Nxa8 b6 10. Qxh8 Ne7 11. Qxh5 Ng6 12. Qh7 Ba6 13. Qxg8+ Ke7 14.
Qb8 Nh4 15. Qg8 Bd4 16. Nc7 Bxb2 17. Qe8+ Kd6 18. Nxa6 Bxc1 19. Rxc1 Qxa2 20.
Qc8 f5 21. Qc7+ Ke7 22. Qxa7 Qxa6 23. Qxa6 Nxg2+ 24. Bxg2 d5 25. Qxb6 Kf7 26.
Rc6 1-0

[Event "AUTO-INT-80"]
[Site "http://www.queenalice.com/game.php?id=56791"]
[Date "2006.3.11"]
[Round "1"]
[White "dlabedz"]
[Black "kenanadu"]
[Result "1-0"]
[WhiteElo "1245"]
[BlackElo "1110"]

1. d4 e6 2. e4 Qf6 3. e5 Qh4 4. g3 Qe4+ 5. Qe2 Bb4+ 6. c3 Qxe2+ 7. Bxe2 Ba5 8.
b4 Bb6 9. Na3 d6 10. f4 f6 11. exd6 Nh6 12. Nb5 Na6 13. Nf3 Bd7 14. Na3 g5 15.
fxg5 fxg5 16. Ne5 Kd8 17. h4 gxh4 18. Bxh6 Ba4 19. Nf7+ Kd7 20. Nxh8 Rxh8 21.
Bf4 Rg8 22. Rxh4 Rh8 23. Be5 Rg8 24. Rxh7+ Ke8 25. Bh5+ Kd8 26. g4 c5 27. Bf6+
Kc8 28. Nc4 cxb4 29. Nb2 Bc2 30. Re7 Rf8 31. Bg7 Bd8 32. Rxe6 Rg8 33. Bf6 bxc3
34. Nc4 Nc5 35. d7+ Kxd7 36. Rd6+ Kc8 37. dxc5 Kc7 38. Be5 Rg5 39. Rc1 b5 40.
Rd2+ Rxe5+ 41. Nxe5 Be7 42. Rdxc2 Bh4+ 43. Kf1 Bf6 44. Nd3 Bg5 45. Rd1 Kc6 46.
Rxc3 a5 47. Ne5+ Kb7 48. c6+ Kc7 49. Rd7+ Kb6 50. Rb7+ Ka6 51. Be8 Bd8 52. Rb8
Bf6 53. Re3 Ka7 54. Rxb5 Bd8 55. Rd3 Bc7 56. Rd7 Ka6 57. Rb7 Bb6 58. Bg6 a4 59.
Bd3+ 1-0

[Event "AUTO-INT-80"]
[Site "http://www.queenalice.com/game.php?id=56792"]
[Date "2006.3.11"]
[Round "1"]
[White "kenanadu"]
[Black "dlabedz"]
[Result "0-1"]
[WhiteElo "1121"]
[BlackElo "1234"]

1. e4 d5 2. Qf3 c6 3. b3 h5 4. c4 Bg4 5. Qf4 e6 6. h3 Bd6 7. Qe3 Bxh3 8. Rxh3
Be7 9. exd5 cxd5 10. Nf3 Nc6 11. Bb2 Nf6 12. cxd5 exd5 13. Nc3 Qd6 14. Nb5 Qd7
15. d4 O-O-O 16. Ng5 Ng4 17. Qf4 a6 18. Nc3 Bd6 19. Qxf7 Rhe8+ 20. Ne2 Re7 21.
Qxd5 Rf8 22. Rxh5 Nf6 23. g3 Nxh5 24. Rc1 Nf6 25. Qc4 Ng4 26. d5 Ne3 27. fxe3
Rxe3 28. Rc3 Bxg3+ 29. Kd2 Rxe2+ 30. Kxe2 Re8+ 31. Kd2 Rf8 32. Rxg3 Kb8 33. Qd3
Nb4 34. Qe4 Nxd5 35. Ba3 Nb4+ 36. Ke2 Re8 37. Bxb4 Rxe4+ 38. Nxe4 Qb5+ 39. Kf2
Qxb4 40. Rxg7 Qxe4 41. Rg8+ Ka7 42. Bg2 Qf5+ 43. Bf3 Qc2+ 44. Ke3 Qxa2 45. Rg7
Qxb3+ 46. Kf4 Qc4+ 47. Ke3 Qc3+ 48. Kf4 Qxg7 49. Ke3 b5 50. Kf4 b4 51. Bd5 Qg1
52. Ke4 Qc5 53. Ke5 b3 54. Ke4 Qb4+ 55. Kd3 b2 56. Kc2 b1=Q# 0-1

[Event "AUTO-INT-80"]
[Site "http://www.queenalice.com/game.php?id=56805"]
[Date "2006.3.11"]
[Round "1"]
[White "yoshi57"]
[Black "kenanadu"]
[Result "1-0"]
[WhiteElo "1170"]
[BlackElo "1100"]

1. b4 e5 2. c3 Qf6 3. e3 h5 4. Nf3 Nc6 5. g3 d5 6. b5 Na5 7. d4 c6 8. dxe5 Qe6
9. Nd4 Qg4 10. f3 Qg6 11. Qa4 b6 12. bxc6 Kd8 13. e4 dxe4 14. Bg2 h4 15. fxe4
hxg3 16. Bf4 gxh2 17. Bf3 Qg3+ 18. Bxg3 Rh3 19. Kf2 Bc5 20. Kg2 f6 21. Nf5 g6
22. Kxh3 Ne7 23. Kxh2 gxf5 24. Rd1+ Kc7 25. exf6+ Bd6 26. Bxd6+ Kd8 27. Bxe7+
Kc7 28. Bd6+ Kd8 29. c7# 1-0

[Event "AUTO-INT-80"]
[Site "http://www.queenalice.com/game.php?id=56806"]
[Date "2006.3.11"]
[Round "1"]
[White "kenanadu"]
[Black "yoshi57"]
[Result "1-0"]
[WhiteElo "1114"]
[BlackElo "1182"]

1. e4 Nf6 2. Qf3 b5 3. Bxb5 c6 4. Ba4 Qa5 5. Nc3 d6 6. b4 Qa6 7. Nge2 Bg4 8. Qe3
g6 9. f3 Be6 10. f4 Ng4 11. Qf3 Nh6 12. Nd4 Bg4 13. Qg3 Qc4 14. Qe3 Qxb4 15. a3
Qc4 16. Bb3 Qa6 17. h3 Bh5 18. g4 Nxg4 19. hxg4 Bxg4 20. Rh4 Bd7 21. f5 Bg7 22.
Na4 c5 23. Qh3 cxd4 24. Rxh7 e5 25. Rxh8+ Bxh8 26. Qxh8+ Ke7 27. c3 gxf5 28.
exf5 Bxf5 29. Qg8 Kf6 30. Bxf7 Qxa4 31. cxd4 Qxd4 32. a4 Qxa1 33. Kd1 Qxa4+ 34.
Bb3 Bh7 35. Qf8+ Kg5 36. Qg7+ Bg6 37. Bxa4 Na6 38. d3+ Kh5 39. Bb5 Nc5 40. Bc6
Ne6 41. Qb7 Rf8 42. Qxa7 Nd4 43. Bg2 Nb5 44. Qd7 Nc3+ 45. Kc2 Nd5 46. Bxd5 Rf2+
47. Kd1 Bxd3 48. Qxd6 e4 49. Qe5+ Kg4 50. Bxe4 Be2+ 51. Ke1 Rf1+ 52. Kxe2 Rxc1
53. Bf5+ Kh5 54. Qh2+ Kg5 55. Qe5 Rh1 56. Be4+ Kg4 57. Bxh1 Kh3 58. Qh5+ 1-0

[Event "AUTO-INT-80"]
[Site "http://www.queenalice.com/game.php?id=56813"]
[Date "2006.3.11"]
[Round "1"]
[White "Jomaley"]
[Black "kenanadu"]
[Result "1-0"]
[WhiteElo "1441"]
[BlackElo "1108"]

1. e4 e5 2. Nf3 Qf6 3. Nc3 h5 4. Nb5 Qd8 5. Nxe5 Qe7 6. Nxc7+ Kd8 7. Nxa8 Qxe5
8. d3 Bb4+ 9. Bd2 Bxd2+ 10. Qxd2 Nf6 11. f3 d6 12. c3 b5 13. d4 Qe7 14. Bxb5 Qb7
15. a4 Qxa8 16. e5 Nd5 17. Qg5+ Ne7 18. Qxg7 Rg8 19. Qxf7 Rxg2 20. exd6 Qb7 21.
Qf8# 1-0

[Event "AUTO-INT-80"]
[Site "http://www.queenalice.com/game.php?id=56814"]
[Date "2006.3.11"]
[Round "1"]
[White "kenanadu"]
[Black "Jomaley"]
[Result "0-1"]
[WhiteElo "1084"]
[BlackElo "1399"]

1. e4 e5 2. Qf3 f6 3. a3 Nc6 4. Nc3 Nd4 5. Qd1 a6 6. b4 Nc6 7. Qh5+ g6 8. Qe2
Nd4 9. Qd1 c6 10. d3 g5 11. Qg4 Nxc2+ 12. Kd2 Nxa1 13. Bb2 Nb3+ 14. Kc2 Nd4+ 15.
Kd2 h5 16. Qg3 Bh6 17. Nce2 g4+ 18. Qe3 Bxe3+ 19. fxe3 Nxe2 20. Nxe2 Nh6 21. Ng3
Nf7 22. h3 gxh3 23. Rxh3 a5 24. bxa5 Rxa5 25. Nxh5 Rh7 26. Be2 b5 0-1

[Event "Let's Play Chess!"]
[Site "http://www.queenalice.com/game.php?id=58197"]
[Date "2006.3.19"]
[Round "-"]
[White "kenanadu"]
[Black "philb"]
[Result "0-1"]
[WhiteElo "1106"]
[BlackElo "1196"]

1. e4 e5 2. Qf3 Nh6 3. d3 Bb4+ 4. Bd2 c5 5. a3 Qa5 6. c3 Nc6 7. Nh3 d6 8. Ng5
Bg4 9. Qg3 f5 10. cxb4 cxb4 11. exf5 Nxf5 12. Qxg4 Ncd4 13. Qh5+ g6 14. Qh3
O-O-O 15. g4 h6 16. Nf7 Qa4 17. Bxb4 Qc2 18. gxf5 Qxb2 19. fxg6+ Kc7 20. Bg2
Rdf8 21. g7 Qe2# 0-1

[Event "jogando pra perde"]
[Site "http://www.queenalice.com/game.php?id=59063"]
[Date "2006.3.23"]
[Round "-"]
[White "kenanadu"]
[Black "Majin_Sayajin"]
[Result "0-1"]
[WhiteElo "1063"]
[BlackElo "1338"]

1. e4 e5 2. Qf3 f6 3. Bc4 Ne7 4. Nh3 Nbc6 5. Na3 Ng6 6. Nb5 a6 7. Na3 Nh4 8. Qg3
Nf5 9. Qg4 Nfd4 10. c3 h5 11. Qg6+ Ke7 12. cxd4 Nxd4 13. Kd1 b5 14. Qf7+ Kd6 15.
Qd5+ Ke7 16. Qxa8 Ke8 17. Bf1 Rh6 18. Bd3 Rg6 19. Bf1 Rg4 20. f3 d6 21. fxg4
hxg4 22. Nf2 Qd7 23. h3 g3 24. Ng4 Kd8 25. d3 b4 26. Nc4 Be7 27. Bd2 b3 28. axb3
Nxb3 29. Qxa6 Bxa6 30. Rxa6 Qc8 31. Bb4 Qxa6 32. Kc2 Qa2 33. Na5 Na1+ 34. Kc3
Qb1 35. Nc6+ Kd7 36. Nxe7 Kxe7 37. d4 Qa2 38. dxe5 Qb3+ 39. Kd2 Qxb4+ 40. Ke2
Qxe4+ 41. Ne3 Nc2 42. Kd2 Ke6 0-1

[Event "Let's Play Chess!"]
[Site "http://www.queenalice.com/game.php?id=59673"]
[Date "2006.3.27"]
[Round "-"]
[White "aesnihc"]
[Black "kenanadu"]
[Result "1-0"]
[WhiteElo "1195"]
[BlackElo "1084"]

1. e4 e5 2. Nf3 Bc5 3. Bc4 Qf6 4. d3 a6 5. O-O b5 6. Bg5 Qg6 7. Nxe5 bxc4 8.
Nxg6 hxg6 9. dxc4 f6 10. Bf4 g5 11. Bxc7 Nc6 12. Nc3 Ra7 13. Bg3 Nd4 14. Nd5 1-0

[Event "Let's Play Chess!"]
[Site "http://www.queenalice.com/game.php?id=59676"]
[Date "2006.3.27"]
[Round "-"]
[White "aesnihc"]
[Black "kenanadu"]
[Result "1-0"]
[WhiteElo "1220"]
[BlackElo "1084"]

1. d4 Nc6 2. Nf3 e6 3. e4 Qf6 4. Bg5 Qg6 5. Nc3 h6 6. Be3 f5 7. exf5 exf5 8. Bd3
Bb4 9. O-O Nge7 10. Ne2 Nd5 11. c3 Nxe3 12. fxe3 Qe6 13. cxb4 1-0

[Event "Let's Play Chess!"]
[Site "http://www.queenalice.com/game.php?id=59746"]
[Date "2006.3.27"]
[Round "-"]
[White "dorina"]
[Black "kenanadu"]
[Result "1-0"]
[WhiteElo "1455"]
[BlackElo "1105"]

1. e4 e5 2. Nc3 Bc5 3. Nf3 Qf6 4. d3 b5 5. Nd5 Qd6 6. d4 exd4 7. Nxd4 Ne7 8.
Nxb5 Qc6 9. Nbxc7+ Kd8 10. Nxa8 Qxa8 11. Nxe7 Qxe4+ 12. Be2 Kxe7 13. O-O Qd4 14.
Qxd4 Bxd4 15. Re1 Nc6 16. Bb5+ Kd6 17. Bxc6 dxc6 18. Bf4+ Kc5 19. c3 Bf6 20.
Be3+ Kd5 21. Rad1+ Ke4 22. Bxa7+ Kf4 23. Bb8+ Kg5 24. f4+ 1-0

[Event "Let's Play Chess!"]
[Site "http://www.queenalice.com/game.php?id=60728"]
[Date "2006.4.2"]
[Round "-"]
[White "charles31"]
[Black "kenanadu"]
[Result "1-0"]
[WhiteElo "1150"]
[BlackElo "1103"]

1. Nf3 e6 2. d4 Bb4+ 3. c3 Bd6 4. e4 Qf6 5. e5 Qe7 6. exd6 Qxd6 7. Be3 Nf6 8.
Bd3 b6 9. Na3 Ng4 10. Nc4 Qd5 11. h3 Nf6 12. O-O b5 13. Na3 c6 14. c4 Qh5 15.
cxb5 a6 16. b6 d5 17. Qb3 Nbd7 18. Rac1 Rb8 19. Rxc6 e5 20. Rfc1 Ke7 21. dxe5
Ne8 22. Qxd5 Rxb6 23. Rxc8 Ndf6 24. Qd8+ Ke6 25. Bxb6 Nd5 26. Bc4 f6 27. Qxd5+
Kf5 28. Bd3+ Kf4 29. Be3# 1-0